000 01205nam a2200229Ia 4500
003 Ost
005 20260507075040.0
008 260507s9999||||xx |||||||||||||| ||und||
040 _cfsecg
041 _aara
082 _a330
100 _aحمود، خضير كاظم
_eمؤلف
245 0 _aمتطلبات التأهيل لشهادة الأيزو 9000 ISO :
_bالمنظمة الدولية للمواصفات /
_c خضير كاظم حمود
260 _aعمان:
_bمكتبة اليقظة للنشر,
_c2001
300 _a193 صفحة؛
_bإيضاحات ؛
_c24 سم
504 _aببلوغرافيا ص.191
520 _aمفهوم وأهمية الأيزو 9000 ISO،سلسلة المواصفات والمقاييس،الأيزو وإدارة الجودة الشاملة،متطلبات نظام الجودة الأيزو 9000 ISO،تنفيذ نظام الجودة،تطبيق متطلبات الأيزو،الأسس العملية لتطبيق نظام الأيزو،هيكلة التوثيق،التسجيل
653 _aالمواصفات القياسية
653 _aضبط الجودة
700 _aأبو تايه، سلطان نايف
_eمؤلف ثانوي
942 _cكتاب
999 _c42505
_d42505